00516 2200193 4500001002100000005001500021035002000036007000300056008004100059020002200100082001000122084001600132100002100148245004100169250000600210260004000216300004600256650002000302INLIS00000000000038120221028015728 a0010-1022000123ta221028 a 1 ind  a978-979-099-428-7 a741.5 a741.5 ANI n0 aAnies Listyowati1 aNoki Sakit Perut /cAnies Listyowati ac aJakarta :bErlangga For Kids,c2012 a22 halaman :bilustrasi berwarna ;c22 cm 4aSeri Anak Sehat